Normal view MARC view
  • Hidalgo Vivas, Georgina,

Entry Nombre Personal

Number of records used in: 1

001 - NUMERO DE CONTROL

  • campo de control: 45145

003 - IDENTIFICADOR DE NUMERO DE CONTROL

  • campo de control: DLC

005 - FECHA Y HORA DE LA ÜLTIMA TRANSACCIÓN

  • campo de control: 20220815134635.0

008 - DATOS DE LONGITUD FIJA

  • campo de control de longitud fija: 220815n| azannaabn |a aaa c

010 ## - NÚMERO DE CONTROL DE LA BIBLIOTECA DEL CONGRESO

  • Número de control LC: no2016112809

035 ## - NUMERO DE CONTROL

  • Número de control: (OCoLC)oca10559900

040 ## - FUENTE DE CATALOGACIÓN

  • Agencia original de catalogación: UPB
  • Lenguaje de catalogación: spa
  • Description conventions: rda
  • Agencia de transcripción: UPB
  • Agencia que lo modifica: MX-MxUPN

046 ## - FECHAS CON CODIFICACIÓN ESPECIAL

  • Fecha de nacimiento: 1972
  • Fuente del formato de fecha: edtf

100 1# - ENCABEZAMIENTO - NOMBRE PERSONAL

  • Nombre personal: Hidalgo Vivas, Georgina,
  • Fechas asociadas con el nombre: 1972-

370 ## - LUGAR ASOCIADO

  • Place of birth: Ciudad de México (México)
  • Fuente del término: naf

375 ## - GÉNERO

  • Gender: femenino

377 ## - LENGUA ASOCIADA

  • Language code: spa

400 1# - VEÁSE - NOMBRE DE PERSONA

  • Personal name: Vivas, Georgina Hidalgo,
  • Dates associated with a name: 1972-

670 ## - FUENTE EN LA QUE SE LOCALIZARON DATOS

  • Cita de la fuente: Hidalgo Vivas, Georgina. Vodka naka, 2014:
  • Información localizada: portada (Georgina Hidalgo Vivas) página 161 (Georgina Hidalgo Vivas; born 1972 in Mexico City)

902 ## - CATALOGADOR

  • Catalogador: NDAF/150822